Random Knowledge Quiz #75 - Statistics

General Stats
  • This quiz has been taken 118 times
  • The average score is 10 of 20
Answer Stats
Question Answer % Correct
What month does the summer solstice occur in the northern hemisphere? June
96%
Which bird lays the largest eggs? Ostrich
92%
What is the highest hand in straight Poker? Royal flush
85%
What are the rowing boats in Venice called? Gondola
75%
How many people live on the Heard Island and McDonald Islands? 0
67%
What island was home to the Minotaur's Labyrinth? Crete
63%
What book series starts with: "Mr. and Mrs. Dursley, of number four Privet Drive, were proud to say that they were perfectly normal, thank you very much."? Harry Potter
63%
According to a rumor and an unofficial statistic, on which furniture brand's beds are 1 out of 10 Europeans conceived? IKEA
60%
Who plays Jamie Lee Curtis' daughter in the movie Freaky Friday? Lindsay Lohan
54%
What forest was home to Robin Hood? The Sherwood Forest
51%
Finish this list: Ginger, Sporty, Posh, Scary, and... what? Baby
49%
The book Green Eggs and Ham was banned by which country until 1991? China
43%
Fill in these lyrics: Am I original? ____ / Am I the only one? ____ / Am I sexual? ____ / Am I everything you need? / You better rock your body now Yeah
43%
Who stole Helen from Sparta? Trojan prince Paris
41%
What city named its airport after Marco Polo? Venice
41%
In addition to regular flour and salt, self-rising flour includes what ingredient? Baking powder
33%
The crash of the American stock market on October 29, 1929 - which started the Great Depression - is known as what? Black Tuesday
32%
Among the big cats, which is the largest living species? (specific answer) Siberian tiger
26%
To whom was Leonardo Da Vinci's Codex Leicester sold for 30.8 million dollars? Bill Gates
23%
Rounded up to next hour, what is the unofficial record for a longest non-stop run? 81 hours (80 hours and 44 minutes)
8%
No matching quizzes found
Score Distribution
Percent of People with Each Score
Percentile by Number Answered
Your Score History
You have not taken this quiz